| 000 | 00556nam a2200181 4500 | ||
|---|---|---|---|
| 999 |
_c163327 _d163327 |
||
| 005 | 20190410121715.0 | ||
| 010 | _aENG-125036 | ||
| 020 |
_a9788192557847 _c485.00 |
||
| 035 | _aEN-108568 | ||
| 037 | _bDBAD/PUB | ||
| 082 | _a793.319 | ||
| 100 | _aSaraf, Ritu | ||
| 245 |
_aKuchipudi: _bAn Indian classical dance art/ _cby Ritu, Saraf. |
||
| 260 |
_aNew Delhi _bShreya Traders & Co. _c2015 |
||
| 270 |
_aH-1/48, Bengali Colony, Mahaveer Enclave _bNew Delhi _e110045 |
||
| 300 |
_av;160p. _c23cms(Hbk) |
||
| 942 |
_2ddc _cEN _h793.319 _mSAR |
||